Library of the University of Algiers 3
Ibrahim Sultan Cheibout
شعار جامعة الجزائر 3
مكتبة جامعة الجزائر 3
إبراهيم سلطان شيبوط

الظواهر النقدية علي المستوى الدولي / (رقم التسجيلة. 46046)

تفاصيل مارك
000 -LEADER
fixed length control field 02614nam a2200217Ia 4500
003 - CONTROL NUMBER IDENTIFIER
control field Ost
005 - DATE AND TIME OF LATEST TRANSACTION
control field 20260507075732.0
008 - FIXED-LENGTH DATA ELEMENTS--GENERAL INFORMATION
fixed length control field 260507s9999||||xx |||||||||||||| ||und||
040 ## - CATALOGING SOURCE
Transcribing agency fsecg
041 ## - LANGUAGE CODE
Language code of text/sound track or separate title ara
082 ## - DEWEY DECIMAL CLASSIFICATION NUMBER
Classification number 341.75
100 ## - MAIN ENTRY--PERSONAL NAME
Personal name ملاك، وسام
Relator term مؤلف
245 #0 - TITLE STATEMENT
Title الظواهر النقدية علي المستوى الدولي /
Statement of responsibility, etc. وسام ملاك
260 ## - PUBLICATION, DISTRIBUTION, ETC.
Place of publication, distribution, etc. بيروت:
Name of publisher, distributor, etc. دار المنهل اللبناني للطباعة و النشر,
Date of publication, distribution, etc. 2001
300 ## - PHYSICAL DESCRIPTION
Extent 574 صفحة؛
Dimensions 24 سم
504 ## - BIBLIOGRAPHY, ETC. NOTE
Bibliography, etc. note بيبليوغرافيا :ص. 432، 550 ؛ملاحق : ص. 553
520 ## - SUMMARY, ETC.
Summary, etc. يأتي هذا الكتاب في سلسلة تعالج القضايا النقدية والمالية .تلك السلسلة تشتمل على مؤلف ثالث سيصدر لاحقا ، ويخصص لدراسة البورصات والأسواق المالية العالمية .وعلى غرار المؤلف الأول " النقود والسياسات الداخلية " فقد صيغ هذا المؤلف بأسلوب مبسط مع الحرص الشديد علي مراعاة الدقة العلمية ، وما الامتلة المتعددة ،التي أدرجت ، إلا بغية فهم أعمق للموضوعات المطروحة. أسس تكوين ميزان المدفوعات والقيود التي يتطلبها ،آليات إعادة التوازن إلي ميزان المدفوعات ،التوازن في الاقتصاد المفتوح علي الخارج وعلاقة ميزان المدفوعات بأهم المتغيرات الاقتصادية ، سوق الصرف ،التسعيرة ، العاملون في السوق وإستراتيجية مصدري الأوامر ، ادوات الصرف المشتقة والأسواق المنظمة للعقود للأجل ولخيارات الصرف ،انظمة الصرف المرتبطة بتدخل السلطات النقدية في سوق الصرف ، التوازن علي الصعيد الاقتصادي الكلي وفعالية Pax السياستين النقدية والموازنية في ظل نظامي الصرف التابت والعائم ، قاعدة الصرف - الدهب وعصر ال americana التخلي عن الصرف الثابت والانتقال الي تجربة العوم غير التام حتي العام 1978 ، العوم غير التام لأسعار الصرف مند العام 1979 الدولار كنقد دولي وأداة توظيف دولية
653 ## - INDEX TERM--UNCONTROLLED
Uncontrolled term الاقتصاد الدولي
700 ## - ADDED ENTRY--PERSONAL NAME
Personal name وسام، ملاك
Relator term مؤلف ثانوي
942 ## - ADDED ENTRY ELEMENTS (KOHA)
Koha item type كتب
المقتنيات
Withdrawn status Lost status Source of classification or shelving scheme Damaged status Not for loan Home library Current library Date acquired Serial enumeration / chronology Inventory number Total checkouts Full call number Barcode Date last seen Price effective from Koha item type
    Library of Congress Classification   NOT LOAN / إعارة داخلية مكتبة كلية العلوم الإقتصادية والعلوم التجارية وعلوم التسيير مكتبة كلية العلوم الإقتصادية والعلوم التجارية وعلوم التسيير 07/05/2026 الطابق الأرضي 1192/1   أ/1192ن1 1192/1 07/05/2026 07/05/2026 كتب
    Dewey Decimal Classification   Available مكتبة كلية العلوم الإقتصادية والعلوم التجارية وعلوم التسيير مكتبة كلية العلوم الإقتصادية والعلوم التجارية وعلوم التسيير 07/05/2026 الطابق الأرضي 1192/2   أ/1192ن2 1192/2 07/05/2026 07/05/2026 كتب
    Dewey Decimal Classification   Available مكتبة كلية العلوم الإقتصادية والعلوم التجارية وعلوم التسيير مكتبة كلية العلوم الإقتصادية والعلوم التجارية وعلوم التسيير 07/05/2026 الطابق الأرضي 1192/3   أ/1192ن3 1192/3 07/05/2026 07/05/2026 كتب
    Dewey Decimal Classification   Available مكتبة كلية العلوم الإقتصادية والعلوم التجارية وعلوم التسيير مكتبة كلية العلوم الإقتصادية والعلوم التجارية وعلوم التسيير 07/05/2026 الطابق الثاني 1192/4   أ/1192ن4 1192/4 07/05/2026 07/05/2026 كتب
    Dewey Decimal Classification   Available مكتبة كلية العلوم الإقتصادية والعلوم التجارية وعلوم التسيير مكتبة كلية العلوم الإقتصادية والعلوم التجارية وعلوم التسيير 07/05/2026 الطابق الثاني 1192/5   أ/1192ن5 1192/5 07/05/2026 07/05/2026 كتب

موارد الويب المفتوحة


© University of Algiers 3 All Rights Reserved
|
Implemented by LECHELAH Riad